=LDR 00000nam 2200000 4500 =001 INLIS000000000035016 =005 20150311123127.0 =006 =007 =008 Ind =035 ##$$0010-061300000035016 =041 ##$$a Ind =082 ##$$a 813 =090 ##$$a 813, Kor r =100 ##$$a Korbel,Kathleen =245 ##$$a Rayuan Berbahaya, Kathleen Korbel =260 ##$$a 2009 $b Jakarta =300 ##$$a 336 hlm., 18 cm, =650 ##$$a Sastra Indonesia =850 ##$$a NBPNMAT =990 ##$$a 21400613/BPAP-NTB/20142014